Příhody našich zpěváčků /

Hlavní autor: Baby, J. K., 1915-2001
Další autoři: Písková, Milada, 1943-2022, Sitko, Jiljí, 1943-, Bodeček, Jan
Jazyk: Čeština
Vydáno: [S.l.] : Přerov : J.K. Baby ;Okresní vlastivědné muzeum Jana Amose Komenského, 1992
Vydání: 3. vyd.
Témata:
Fyzický popis: 55 s. : obr. ; 21 cm
Knihy
Uloženo v:
LEADER 01583nam a2200421 a 4500
001 000024221
003 CZ BrMZK
005 20250124103841.0
008 950707s1992 xr b j cze d
015 |a cnb000074772 
020 |q (Brož.) 
040 |a BOA001  |b cze 
072 7 |a 821.162.3-3  |x Česká próza  |2 Konspekt  |9 25 
072 7 |a 821-93  |x Literatura pro děti a mládež (beletrie)  |2 Konspekt  |9 26 
080 |a 821.162.3-32  |2 MRF 
080 |a 821-93  |2 MRF 
080 |a 598.281/.296  |2 MRF 
080 |a (0:82-32)  |2 MRF 
100 1 |a Baby, J. K.,  |d 1915-2001  |7 jk01010515  |4 aut 
245 1 0 |a Příhody našich zpěváčků /  |c J. K. Baby ; Jaz. úprava Milada Písková ; Ilustr. Jan Bodeček ; Doslov Jiljí Sitko 
250 |a 3. vyd. 
260 |a [S.l.] :  |b J.K. Baby ;  |a Přerov :  |b Okresní vlastivědné muzeum Jana Amose Komenského,  |c 1992 
300 |a 55 s. :  |b obr. ;  |c 21 cm 
500 |a Vl. jm. autora je Josef A. Kratochvíl 
500 |a 5000 výt. 
650 0 7 |a pěvci (zoologie)  |7 ph167614  |2 czenas 
650 0 9 |a Passeriformes  |2 eczenas 
655 7 |a české příběhy  |7 fd133973  |2 czenas 
655 7 |a publikace pro děti  |7 fd133156  |2 czenas 
655 9 |a Czech stories  |2 eczenas 
655 9 |a children's literature  |2 eczenas 
700 1 |a Písková, Milada,  |d 1943-2022  |7 jk01093197  |4 aut 
700 1 |a Sitko, Jiljí,  |d 1943-  |7 xx0024324  |4 wfw 
700 1 |a Bodeček, Jan  |7 jx20050107005  |4 ill 
910 |a BOA001  |b PK-0118.588 
990 |a BK 
995 |a 01 
996 7 |b 3119997174  |c PK-0118.588  |l MZK  |r Sklad / do 1 hodiny  |n 0  |w 000024221  |u 000010  |a 1  |e BOA001  |j MZK50  |s A